000
00314nam a2200133Ia 4500
005
20251222144754.0
008
251222s9999||||xx |||||||||||||| ||spa||
020
_a
950-808-324-7
082
_a
378.1/M42
100
_a
Menin, Ovide
245
0
_a
PedagogĂa y Universidad:
264
_b
Homo Sapiens
942
_c
LIB
999
_c
19452
_d
19452